University Home | Library Home | Institutional Repository

The ear in anatomical transparencies. (Record no. 161458)

MARC details
000 -LEADER
fixed length control field 00537cam3a220019300 4500
001 - CONTROL NUMBER
control field tmp15707614
003 - CONTROL NUMBER IDENTIFIER
control field UPRA
005 - DATE AND TIME OF LATEST TRANSACTION
control field 20190826095200.0
008 - FIXED-LENGTH DATA ELEMENTS--GENERAL INFORMATION
fixed length control field 951009s1962 ilunnn t eng u
035 ## - SYSTEM CONTROL NUMBER
System control number (Sirsi) r17544
035 ## - SYSTEM CONTROL NUMBER
System control number (UPRA)tmp15707614
040 ## - CATALOGING SOURCE
Transcribing agency UPRA
245 04 - TITLE STATEMENT
Title The ear in anatomical transparencies.
260 ## - PUBLICATION, DISTRIBUTION, ETC.
Place of publication, distribution, etc. [Chigago] :
Name of publisher, distributor, etc. Abbott Laboratories,
Date of publication, distribution, etc. 1962.
650 #0 - SUBJECT ADDED ENTRY--TOPICAL TERM
Topical term or geographic name entry element Ear anatomy.
Linkage S6715.2
710 2# - ADDED ENTRY--CORPORATE NAME
Corporate name or jurisdiction name as entry element Abbott Laboratories.
Linkage A25204.1
949 ## - LOCAL PROCESSING INFORMATION (OCLC)
a QM507
w lcc
i -13354
m MAIN
t BOOK
l ON-SHELF

No items available.

© 2026 - The University of Zambia Library - Koha v25.11